[Event "Dvorkovich Memorial op"]
[Site "Taganrog"]
[Date "2019.01.18"]
[Round "9"]
[White "Mikhailov, Sergey"]
[Black "Triapishko, Alexandr"]
[Result "1/2-1/2"]
[WhiteElo "2285"]
[BlackElo "2508"]
[PlyCount "87"]
[EventDate "2019.01.10"]
[EventType "swiss"]
[EventRounds "9"]
[EventCountry "RUS"]
[SourceTitle "CBM 188 Extra"]
[Source "ChessBase"]
[SourceDate "2019.02.28"]
[SourceVersion "1"]
[SourceVersionDate "2019.02.28"]
[SourceQuality "1"]

1. d4 Nf6 2. Nf3 g6 3. Bg5 Bg7 4. Nbd2 0-0 5. e3 d6 6. h3 h6 7. Bh4 c5 8. c3 cxd4 9. exd4 Nc6 10. Bxf6 Bxf6 11. Be2 e5 12. dxe5 dxe5 13. 0-0 Bg7 14. Re1 f5 15. Nb3 e4 16. Nfd4 Nxd4 17. Nxd4 Qb6 18. Qb3+ Qxb3 19. axb3 Rd8 20. Rad1 Bf6 21. Bc4+ Kf8 22. Ne6+ Bxe6 23. Bxe6 a5 24. Bd5 Rd7 25. Be6 Rxd1 26. Rxd1 Ke7 27. Bc4 b6 28. Kf1 Be5 29. Ke2 Bd6 30. f3 exf3+ 31. Kxf3 Bc5 32. Re1+ Kf8 33. Re6 Kg7 34. Bd5 Rd8 35. c4 Rf8 36. h4 Rf6 37. Re8 h5 38. g3 Bd6 39. Re2 f4 40. g4 hxg4+ 41. Kxg4 f3 42. Rf2 Rf4+ 43. Kh3 Be7 44. Rxf3 1/2-1/2

[Event "Dvorkovich Memorial op"]
[Site "Taganrog"]
[Date "2019.01.17"]
[Round "8"]
[White "Tunik, Gennady"]
[Black "Mikhailov, Sergey"]
[Result "0-1"]
[WhiteElo "2354"]
[BlackElo "2285"]
[PlyCount "95"]
[EventDate "2019.01.10"]
[EventType "swiss"]
[EventRounds "9"]
[EventCountry "RUS"]
[SourceTitle "CBM 188 Extra"]
[Source "ChessBase"]
[SourceDate "2019.02.28"]
[SourceVersion "1"]
[SourceVersionDate "2019.02.28"]
[SourceQuality "1"]

1. d4 d5 2. c4 c6 3. Nf3 Nf6 4. Nc3 e6 5. e3 Bd6 6. Bd3 Nbd7 7. e4 dxe4 8. Nxe4 Nxe4 9. Bxe4 Nf6 10. Bc2 h6 11. 0-0 0-0 12. b3 b5 13. c5 Bc7 14. Qd3 a5 15. Re1 b4 16. Be3 Re8 17. Qd2 Nd5 18. Ne5 Bxe5 19. dxe5 f5 20. exf6 Qxf6 21. Bd4 e5 22. Be4 Bf5 23. Bb2 Rad8 24. Qc2 Bxe4 25. Qxe4 Re6 26. Rad1 Rde8 27. g3 Qe7 28. Rc1 Kh8 29. Rc2 Nf6 30. Qc4 e4 31. Bxf6 Qxf6 32. Rce2 Qf5 33. Re3 Re5 34. Rc1 Rd8 35. Qe2 Rd4 36. Rc4 Rxc4 37. bxc4 Re6 38. Qc2 Qe5 39. Kg2 Qd4 40. a3 Qxc5 41. axb4 axb4 42. h4 Qd4 43. Qb3 c5 44. Qa2 Qe5 45. Qa8+ Kh7 46. Qc8 Rd6 47. Qb8 Qd4 48. h5 0-1

[Event "Dvorkovich Memorial op"]
[Site "Taganrog"]
[Date "2018.01.23"]
[Round "9"]
[White "Mikhailov, Sergey"]
[Black "Tsoi, Dmitry"]
[Result "0-1"]
[WhiteElo "2293"]
[BlackElo "2371"]
[PlyCount "78"]
[EventDate "2018.01.15"]
[EventType "swiss"]
[EventRounds "9"]
[EventCountry "RUS"]
[SourceTitle "CBM 182 Extra"]
[Source "ChessBase"]
[SourceDate "2018.02.23"]
[SourceVersion "1"]
[SourceVersionDate "2018.02.23"]
[SourceQuality "1"]

1. d4 Nf6 2. Nf3 e6 3. Bg5 h6 4. Bh4 d6 5. e3 g5 6. Bg3 Nh5 7. Bd3 Bg7 8. Nbd2 Nd7 9. c3 Rb8 10. Ng1 Nxg3 11. hxg3 b5 12. Qc2 a6 13. a4 Bb7 14. axb5 axb5 15. Be4 Qc8 16. Ne2 Nf6 17. Bxb7 Qxb7 18. 0-0 h5 19. f3 h4 20. Kf2 h3 21. Rh1 Ng4+ 22. Ke1 Nxe3 23. Qd3 Nxg2+ 24. Kf2 g4 25. Qe4 Qxe4 26. Nxe4 d5 27. Nc5 gxf3 28. Kxf3 Rh6 29. Nd3 Rf6+ 30. Nef4 Nxf4 31. gxf4 Rh6 32. Rag1 Bf8 33. Rg3 b4 34. Ke3 bxc3 35. bxc3 h2 36. Kd2 Ra8 37. Kc2 Ra2+ 38. Kb3 Rd2 39. Ne5 f6 0-1

[Event "Dvorkovich Memorial op"]
[Site "Taganrog"]
[Date "2018.01.21"]
[Round "7"]
[White "Mikhailov, Sergey"]
[Black "Chernyavsky, Alexander"]
[Result "1/2-1/2"]
[WhiteElo "2293"]
[BlackElo "2326"]
[PlyCount "58"]
[EventDate "2018.01.15"]
[EventType "swiss"]
[EventRounds "9"]
[EventCountry "RUS"]
[SourceTitle "CBM 182 Extra"]
[Source "ChessBase"]
[SourceDate "2018.02.23"]
[SourceVersion "1"]
[SourceVersionDate "2018.02.23"]
[SourceQuality "1"]

1. d4 Nf6 2. g3 d5 3. Bg2 c6 4. Nf3 Bf5 5. Nh4 Bg6 6. Nxg6 hxg6 7. Nd2 e6 8. 0-0 Nbd7 9. e4 dxe4 10. Nxe4 Nxe4 11. Bxe4 Nf6 12. Bg2 Qd7 13. c3 Bd6 14. Bg5 Rh5 15. Qd2 0-0-0 16. Rfe1 Rdh8 17. h3 Nd5 18. Re2 f6 19. Be3 e5 20. dxe5 Bxe5 21. Rd1 Rxh3 22. c4 Rh2 23. cxd5 Rxg2+ 24. Kxg2 Qh3+ 25. Kf3 Qh5+ 26. Kg2 Qh3+ 27. Kf3 Qh5+ 28. g4 Qh3+ 29. Ke4 Rd8 1/2-1/2

[Event "Dvorkovich Memorial rapid op"]
[Site "Taganrog"]
[Date "2018.01.14"]
[Round "9"]
[White "Sukhareva, Evgenia"]
[Black "Mikhailov, Sergey"]
[Result "0-1"]
[WhiteElo "2238"]
[BlackElo "2293"]
[PlyCount "88"]
[EventDate "2018.01.13"]
[EventType "swiss (rapid)"]
[EventRounds "11"]
[EventCountry "RUS"]
[SourceTitle "CBM 182 Extra"]
[Source "ChessBase"]
[SourceDate "2018.02.23"]
[SourceVersion "1"]
[SourceVersionDate "2018.02.23"]
[SourceQuality "1"]

1. d4 d5 2. Nf3 c6 3. c4 Nf6 4. cxd5 cxd5 5. Bf4 Nc6 6. Nc3 e6 7. e3 Be7 8. Bd3 0-0 9. 0-0 Bd7 10. Rc1 a6 11. Na4 Nh5 12. Nc5 Nxf4 13. exf4 Rb8 14. a3 Bd6 15. Bxh7+ Kxh7 16. Ng5+ Kh6 17. Qg4 Bxc5 18. Rc3 g6 19. Rh3+ Kg7 20. Rh7+ Kg8 21. dxc5 Qxg5 22. Qxg5 Kxh7 23. h4 f6 24. Qg4 Rbd8 25. h5 Rg8 26. g3 Nd4 27. Qd1 Nf5 28. b4 g5 29. fxg5 Rxg5 30. Kg2 Kh6 31. Qd2 d4 32. g4 Rdg8 33. Kh3 Kh7 34. f3 e5 35. Re1 Kh8 36. Qd3 Bc6 37. Rg1 Ne3 38. Qe2 f5 39. Kh4 fxg4 40. fxg4 Rxg4+ 41. Rxg4 Rxg4+ 42. Kh3 Bd7 43. Qd3 Rg2+ 44. Kh4 Nf5+ 0-1

[Event "Dvorkovich Memorial op"]
[Site "Taganrog"]
[Date "2017.01.20"]
[Round "8"]
[White "Mikhailov, Sergey"]
[Black "Kotenko, Pavel"]
[Result "0-1"]
[WhiteElo "2299"]
[BlackElo "2386"]
[PlyCount "86"]
[EventDate "2017.01.13"]
[EventType "swiss"]
[EventRounds "9"]
[EventCountry "RUS"]
[SourceTitle "CBM 176 Extra"]
[Source "ChessBase"]
[SourceDate "2017.03.02"]
[SourceVersion "1"]
[SourceVersionDate "2017.03.02"]
[SourceQuality "1"]

1. d4 Nf6 2. c4 g6 3. Nc3 Bg7 4. e4 d6 5. f3 0-0 6. Be3 e5 7. Nge2 c6 8. Qd2 Nbd7 9. 0-0-0 a6 10. g4 b5 11. Ng3 exd4 12. Bxd4 b4 13. Na4 c5 14. Be3 Qa5 15. b3 Ne8 16. Kb1 Ne5 17. Be2 Bd7 18. Nb2 Qd8 19. Rdf1 a5 20. Bd1 Qe7 21. h4 a4 22. bxa4 Bxa4 23. Bxa4 Rxa4 24. f4 Nxc4 25. Nxc4 b3 26. axb3 Ra1+ 27. Kc2 Ra2+ 28. Kd3 Rxd2+ 29. Kxd2 Nf6 30. e5 dxe5 31. Nxe5 Nxg4 32. Nxg4 Qd7+ 33. Ke2 Qxg4+ 34. Rf3 Re8 35. Kf2 Bf6 36. h5 Bh4 37. hxg6 fxg6 38. Rg1 Ra8 39. Kg2 Ra2+ 40. Bf2 Rb2 41. Re1 Qd7 42. f5 gxf5 43. Re5 Qb7 0-1

[Event "Dvorkovich Memorial op"]
[Site "Taganrog"]
[Date "2016.01.25"]
[Round "8.21"]
[White "Vastrukhin, Oleg"]
[Black "Mikhailov, Sergey"]
[Result "1/2-1/2"]
[WhiteElo "2386"]
[BlackElo "2304"]
[PlyCount "148"]
[EventDate "2016.01.18"]
[EventType "swiss"]
[EventRounds "9"]
[EventCountry "RUS"]
[SourceTitle "EXT 2018"]
[Source "ChessBase"]
[SourceDate "2017.10.13"]
[SourceVersion "1"]
[SourceVersionDate "2017.10.13"]
[SourceQuality "1"]

1. Nf3 d5 2. g3 Nf6 3. Bg2 c6 4. 0-0 Bf5 5. c4 e6 6. Qb3 Qb6 7. d3 Qxb3 8. axb3 h6 9. Nc3 Nbd7 10. h3 Bh7 11. Be3 a6 12. Nd2 g5 13. Ra4 Bd6 14. b4 Rc8 15. Rc1 0-0 16. Nb3 Rc7 17. Nc5 Kg7 18. b3 Rfc8 19. Ra2 Bg6 20. d4 Rd8 21. N3a4 Rdc8 22. Nb2 Be7 23. Nbd3 Bh7 24. f3 Bd6 25. Bf2 e5 26. Nxd7 Nxd7 27. c5 Bf8 28. Nxe5 Re8 29. Nxd7 Rxd7 30. Re1 f5 31. e3 Rde7 32. Rae2 h5 33. f4 g4 34. Ra2 Bg8 35. Kf1 Kg6 36. Ke2 Rh7 37. Kd2 Be7 38. Rh1 Be6 39. Bf1 Bc8 40. Bd3 Rhh8 41. Raa1 Bf6 42. Rh2 Kf7 43. Rah1 Kg6 44. Bc2 Bd7 45. Kd3 Be6 46. Be1 Ra8 47. Ke2 Bd7 48. Bc3 Rae8 49. Bd3 Ra8 50. Kf2 Be6 51. Ra1 Bd7 52. Rah1 Be6 53. hxg4 hxg4 54. Rxh8 Rxh8 55. Rxh8 Bxh8 56. b5 cxb5 57. Ba5 Bd7 58. Ke1 Bf6 59. Kd2 Kf7 60. Kc3 Ke6 61. Kb4 Bc6 62. Bc7 Be7 63. Ka5 Bf6 64. b4 Be7 65. Kb6 Bf6 66. Ka7 Be7 67. Kb8 Bf6 68. Kc8 Be7 69. Be5 Bf8 70. Bc7 Bg7 71. Bd8 Bh8 72. Kc7 Bg7 73. Bc2 Bh8 74. Kc8 Bg7 1/2-1/2

[Event "Dvorkovich Memorial op"]
[Site "Taganrog"]
[Date "2016.01.22"]
[Round "4.17"]
[White "Weetik, Vjacheslav"]
[Black "Mikhailov, Sergey"]
[Result "1-0"]
[WhiteElo "2449"]
[BlackElo "2304"]
[PlyCount "80"]
[EventDate "2016.01.18"]
[EventType "swiss"]
[EventRounds "9"]
[EventCountry "RUS"]
[SourceTitle "EXT 2018"]
[Source "ChessBase"]
[SourceDate "2017.10.13"]
[SourceVersion "1"]
[SourceVersionDate "2017.10.13"]
[SourceQuality "1"]

1. e4 e5 2. Nf3 Nc6 3. Bb5 Nf6 4. d3 d6 5. c3 Bd7 6. Nbd2 g6 7. Nf1 Bg7 8. Ne3 0-0 9. 0-0 Kh8 10. Ba4 Qe8 11. Bd2 Rc8 12. b4 Nh5 13. Nd5 f5 14. Ne1 f4 15. f3 Qd8 16. d4 exd4 17. Nd3 g5 18. Qe2 Be6 19. c4 Ne5 20. Nxe5 Bxe5 21. b5 Qd7 22. Qd3 Rg8 23. Rae1 Rg6 24. Rf2 Qf7 25. Bb3 c6 26. bxc6 bxc6 27. Nb4 a5 28. Nc2 a4 29. Bxa4 Bxc4 30. Qa3 Ra8 31. Rb1 c5 32. Bc1 d3 33. Ne1 Qa7 34. Bb3 Qxa3 35. Bxa3 Bxb3 36. Rxb3 c4 37. Rb4 Rxa3 38. Rxc4 Rc3 39. Rxc3 Bxc3 40. Nxd3 Bd4 1-0

[Event "Dvorkovich Memorial op"]
[Site "Taganrog"]
[Date "2015.01.20"]
[Round "3"]
[White "Mikhailov, Sergey"]
[Black "Frolov, Andrey"]
[Result "0-1"]
[WhiteElo "2326"]
[BlackElo "2139"]
[PlyCount "108"]
[EventDate "2015.01.18"]
[EventType "swiss"]
[EventRounds "9"]
[EventCountry "RUS"]
[SourceTitle "CBM 164 Extra"]
[Source "ChessBase"]
[SourceDate "2015.03.02"]
[SourceVersion "1"]
[SourceVersionDate "2015.03.02"]
[SourceQuality "1"]

1. e4 e5 2. Nf3 Nf6 3. Nc3 Bb4 4. Bc4 d6 5. d3 c6 6. a3 Ba5 7. Ba2 h6 8. h3 Nbd7 9. 0-0 0-0 10. b4 Bb6 11. d4 a5 12. Bb2 axb4 13. axb4 Kh8 14. Re1 Qe7 15. Rb1 Rd8 16. Bb3 Nf8 17. Na4 Bc7 18. c4 Ne6 19. Nc3 Bb6 20. Na4 Bc7 21. Qc2 Ng5 22. Nxg5 hxg5 23. Rbd1 g4 24. h4 Nd7 25. g3 exd4 26. Bxd4 Ne5 27. Bxe5 Qxe5 28. Kg2 Be6 29. Nc3 Qf6 30. Rd3 Ra3 31. Nd5 cxd5 32. cxd5 Bb6 33. dxe6 fxe6 34. e5 Qf5 35. Re2 d5 36. Qd1 Rf8 37. Bc2 Rxd3 38. Qxd3 Qf3+ 39. Kh2 Qxd3 40. Bxd3 Rxf2+ 41. Rxf2 Bxf2 42. Bg6 Kg8 43. Bh5 Bd4 44. Bxg4 Kf7 45. Kg2 Bxe5 46. Kf3 Kf6 47. Bh3 Bd6 48. g4 Bxb4 49. g5+ Kf7 50. Bf1 Be1 51. h5 Bd2 52. Kg4 Ke7 53. Bd3 Kd6 54. Bb5 Bc3 0-1

[Event "Dvorkovich Memorial op-A 9th"]
[Site "Taganrog"]
[Date "2014.08.09"]
[Round "9"]
[White "Mikhailov, Sergey"]
[Black "Tsyhanchuk, Stanislav"]
[Result "0-1"]
[WhiteElo "2324"]
[BlackElo "2383"]
[PlyCount "100"]
[EventDate "2014.08.02"]
[EventType "swiss"]
[EventRounds "10"]
[EventCountry "RUS"]
[SourceTitle "CBM 162 Extra"]
[Source "ChessBase"]
[SourceDate "2014.10.17"]
[SourceVersion "1"]
[SourceVersionDate "2014.10.17"]
[SourceQuality "1"]

1. e4 Nf6 2. e5 Nd5 3. d4 d6 4. c4 Nb6 5. exd6 exd6 6. Nc3 Be7 7. Bd3 0-0 8. h3 Nc6 9. Nf3 Bf6 10. 0-0 g6 11. Ne2 a5 12. b3 d5 13. c5 Nd7 14. Bh6 Re8 15. a3 Nf8 16. Qd2 Ne6 17. Be3 Ng7 18. Ng3 h5 19. Rae1 Be6 20. Bb5 Bd7 21. Rd1 h4 22. Ne2 Nf5 23. Nf4 Nce7 24. Bd3 Nxe3 25. fxe3 Bf5 26. Bxf5 Nxf5 27. Rfe1 Bg7 28. Qf2 Re4 29. Nh2 c6 30. Ng4 Qe7 31. Re2 Re8 32. Rd3 Nxd4 33. Rxd4 Bxd4 34. exd4 Rxe2 35. Nxe2 Qxe2 36. Nf6+ Kf8 37. Nxe8 Qxf2+ 38. Kxf2 Kxe8 39. Kf3 Ke7 40. Kg4 Kf6 41. Kxh4 Kf5 42. b4 axb4 43. axb4 Kf4 44. g3+ Kf5 45. g4+ Kf4 46. g5 Ke4 47. Kg4 Kxd4 48. Kf4 Kc3 49. Ke5 d4 50. Kf6 d3 0-1

[Event "Dvorkovich Memorial op-A 9th"]
[Site "Taganrog"]
[Date "2014.08.04"]
[Round "4"]
[White "Zakharov, Alexander"]
[Black "Mikhailov, Sergey"]
[Result "1/2-1/2"]
[WhiteElo "2347"]
[BlackElo "2324"]
[PlyCount "56"]
[EventDate "2014.08.02"]
[EventType "swiss"]
[EventRounds "10"]
[EventCountry "RUS"]
[SourceTitle "CBM 162 Extra"]
[Source "ChessBase"]
[SourceDate "2014.10.17"]
[SourceVersion "1"]
[SourceVersionDate "2014.10.17"]
[SourceQuality "1"]

1. Nf3 d5 2. c4 c6 3. e3 Nf6 4. Nc3 Bg4 5. cxd5 Bxf3 6. Qxf3 cxd5 7. d4 e6 8. Bd2 Nc6 9. Rc1 Rc8 10. Bd3 Bd6 11. 0-0 0-0 12. Qh3 g6 13. f4 Ne8 14. f5 exf5 15. Nxd5 Bxh2+ 16. Qxh2 Qxd5 17. Rc5 Qd6 18. Rfc1 Rd8 19. Bb5 Qe6 20. b3 Rd6 21. Bxc6 bxc6 22. Re5 Qd7 23. Bb4 Rxd4 24. exd4 Qxd4+ 25. Kh1 Qxb4 26. Rec5 Nf6 27. Rxc6 Ng4 28. Qd6 Qe4 1/2-1/2

[Event "Dvorkovich Memorial op-A 9th"]
[Site "Taganrog"]
[Date "2014.08.03"]
[Round "2"]
[White "Belous, Vladimir"]
[Black "Mikhailov, Sergey"]
[Result "1/2-1/2"]
[WhiteElo "2578"]
[BlackElo "2324"]
[PlyCount "151"]
[EventDate "2014.08.02"]
[EventType "swiss"]
[EventRounds "10"]
[EventCountry "RUS"]
[SourceTitle "CBM 162 Extra"]
[Source "ChessBase"]
[SourceDate "2014.10.17"]
[SourceVersion "1"]
[SourceVersionDate "2014.10.17"]
[SourceQuality "1"]

1. c4 Nf6 2. Nc3 c6 3. d4 d5 4. e3 Bf5 5. cxd5 Nxd5 6. Bc4 e6 7. Nge2 Bg6 8. 0-0 Be7 9. e4 Nxc3 10. Nxc3 b5 11. Bd3 0-0 12. Be3 Nd7 13. a4 a6 14. Qe2 f5 15. exf5 exf5 16. d5 Ne5 17. Bb6 Qd6 18. Rad1 Nxd3 19. Rxd3 f4 20. Rdd1 f3 21. Qd2 Bd8 22. Qe3 Bxb6 23. Qxb6 Bc2 24. Rd4 Rad8 25. Rg4 cxd5 26. Qd4 Qf6 27. axb5 fxg2 28. Rc1 Be4 29. Qxf6 Rxf6 30. Nxe4 dxe4 31. bxa6 Rxa6 32. Rc7 Rg6 33. Rxg6 hxg6 34. b4 Rd4 35. b5 Rb4 36. Rb7 Rb2 37. h4 Kh7 38. Rb8 g5 39. hxg5 Kg6 40. Rb7 Kxg5 41. Rxg7+ Kf6 42. Rb7 Ke6 43. b6 Kd6 44. Rb8 Kd7 45. b7 e3 46. fxe3 Kc7 47. Rg8 Kxb7 48. Rxg2 Rb3 49. Kf2 Kc6 50. Kf3 Kd5 51. Kf4 Ke6 52. Rg6+ Ke7 53. e4 Rb5 54. Ra6 Rc5 55. Ke3 Rb5 56. Kd4 Rh5 57. Ra7+ Ke6 58. Ra6+ Ke7 59. Rc6 Ra5 60. Ke3 Rb5 61. Kf4 Ra5 62. Rb6 Rc5 63. Rb3 Ke6 64. Rg3 Ra5 65. Rg8 Ke7 66. Rg5 Rxg5 67. Kxg5 Ke6 68. Kf4 Kf6 69. e5+ Ke6 70. Ke4 Ke7 71. Kf5 Kf7 72. e6+ Ke7 73. Ke5 Ke8 74. Kf6 Kf8 75. e7+ Ke8 76. Ke6 1/2-1/2

[Event "Dvorkovich Memorial op 8th"]
[Site "Taganrog"]
[Date "2013.07.24"]
[Round "3"]
[White "Weetik, Vjacheslav"]
[Black "Mikhailov, Sergey"]
[Result "1/2-1/2"]
[WhiteElo "2446"]
[BlackElo "2347"]
[PlyCount "83"]
[EventDate "2013.07.22"]
[EventType "swiss"]
[EventRounds "9"]
[EventCountry "RUS"]
[SourceTitle "CBM 155 Extra"]
[Source "ChessBase"]
[SourceDate "2013.08.26"]
[SourceVersion "1"]
[SourceVersionDate "2013.08.26"]
[SourceQuality "1"]

1. e4 c5 2. Nf3 d6 3. d4 cxd4 4. Nxd4 Nf6 5. Nc3 a6 6. Be3 Nbd7 7. g4 h6 8. Bg2 Ne5 9. h3 b5 10. Qe2 Bb7 11. Rd1 Rc8 12. f4 Nc4 13. Bc1 e5 14. fxe5 dxe5 15. Ne6 Qb6 16. Nxf8 Kxf8 17. Nd5 Nxd5 18. exd5 f6 19. c3 Qc5 20. Qd3 Kf7 21. Rf1 Rcd8 22. b3 Nd6 23. Be3 Qc7 24. Kf2 Rhe8 25. Kg1 Kg8 26. Rc1 a5 27. Rf2 Rc8 28. Rfc2 Ba6 29. Qg6 e4 30. Bxh6 Qc5+ 31. Kh1 Re7 32. Bf4 Qxd5 33. Bxd6 Qxd6 34. Bxe4 Bb7 35. Bxb7 Rxb7 36. Re1 Re7 37. Rxe7 Qxe7 38. Qd3 Rd8 39. Qe2 Qxe2 40. Rxe2 Rd3 41. Re8+ Kf7 42. Ra8 1/2-1/2

[Event "Dvorkovich Memorial op"]
[Site "Taganrog"]
[Date "2013.01.21"]
[Round "7"]
[White "Baraeva, Marina"]
[Black "Mikhailov, Sergey"]
[Result "1-0"]
[WhiteElo "2187"]
[BlackElo "2377"]
[PlyCount "59"]
[EventDate "2013.01.15"]
[EventType "swiss"]
[EventRounds "9"]
[EventCountry "RUS"]
[SourceTitle "CBM 152 Extra"]
[Source "ChessBase"]
[SourceDate "2013.02.25"]
[SourceVersion "1"]
[SourceVersionDate "2013.02.25"]
[SourceQuality "1"]

1. d4 d5 2. c4 c6 3. Nc3 Nf6 4. Nf3 dxc4 5. a4 Bf5 6. e3 Nbd7 7. Bxc4 e6 8. 0-0 Be7 9. Qe2 0-0 10. e4 Bg4 11. Rd1 Re8 12. Be3 Qa5 13. h3 Bh5 14. Rac1 Rac8 15. e5 Nd5 16. Nxd5 cxd5 17. Bb5 Bxf3 18. gxf3 Rcd8 19. Bd2 Bb4 20. Bxb4 Qxb4 21. Rc7 a6 22. Bxd7 Re7 23. Rdc1 Qb6 24. Qd2 a5 25. Qg5 Kf8 26. Qh4 f6 27. exf6 Rexd7 28. Rxd7 Rxd7 29. Rc8+ Kf7 30. fxg7 1-0

[Event "Dvorkovich Memorial op"]
[Site "Taganrog"]
[Date "2013.01.20"]
[Round "6"]
[White "Mikhailov, Sergey"]
[Black "Mandrikin, Igor"]
[Result "0-1"]
[WhiteElo "2377"]
[BlackElo "2273"]
[PlyCount "58"]
[EventDate "2013.01.15"]
[EventType "swiss"]
[EventRounds "9"]
[EventCountry "RUS"]
[SourceTitle "CBM 152 Extra"]
[Source "ChessBase"]
[SourceDate "2013.02.25"]
[SourceVersion "1"]
[SourceVersionDate "2013.02.25"]
[SourceQuality "1"]

1. d4 Nf6 2. Nf3 e6 3. Bg5 c5 4. e3 cxd4 5. exd4 d5 6. Bd3 h6 7. Bh4 Be7 8. Nbd2 0-0 9. 0-0 Nc6 10. c3 a6 11. Qe2 b5 12. a3 Rb8 13. Nb3 Re8 14. Bg3 Ra8 15. Nfd2 Bb7 16. f4 Qb6 17. Nf3 Bd6 18. Nbd2 Na5 19. Ne5 Nc4 20. Rab1 Rac8 21. Kh1 Nxd2 22. Qxd2 Ne4 23. Bxe4 dxe4 24. f5 Bxe5 25. dxe5 exf5 26. Rxf5 e3 27. Qc2 Qg6 28. Rd1 Rcd8 29. Rg1 Bc8 0-1

[Event "Dvorkovich Memorial op"]
[Site "Taganrog"]
[Date "2013.01.18"]
[Round "4"]
[White "Mikhailov, Sergey"]
[Black "Kovalchuk, Alexey"]
[Result "1/2-1/2"]
[WhiteElo "2377"]
[BlackElo "2235"]
[PlyCount "104"]
[EventDate "2013.01.15"]
[EventType "swiss"]
[EventRounds "9"]
[EventCountry "RUS"]
[SourceTitle "CBM 152 Extra"]
[Source "ChessBase"]
[SourceDate "2013.02.25"]
[SourceVersion "1"]
[SourceVersionDate "2013.02.25"]
[SourceQuality "1"]

1. d4 Nf6 2. Nf3 g6 3. b3 Bg7 4. Bb2 0-0 5. c4 d5 6. e3 c5 7. dxc5 Qa5+ 8. Nbd2 Qxc5 9. Rc1 Qa5 10. a3 Nc6 11. b4 Qd8 12. Be2 Be6 13. c5 Bg4 14. 0-0 Ne4 15. Bxg7 Kxg7 16. h3 Nxd2 17. Qxd2 Bxf3 18. Bxf3 e6 19. Rfd1 Qf6 20. b5 Ne5 21. Be2 Rfc8 22. f4 Nd7 23. c6 bxc6 24. bxc6 Nb6 25. Ba6 Rc7 26. Qb4 Rd8 27. a4 Nc8 28. Bb7 Nd6 29. Qa5 Qe7 30. Rb1 Nxb7 31. cxb7 Rb8 32. Qxa7 Rbxb7 33. Qd4+ Qf6 34. Qd2 Ra7 35. Ra1 Qc3 36. Kf2 Qxd2+ 37. Rxd2 Ra5 38. Rd4 h5 39. Ra3 Kf6 40. e4 dxe4 41. Rxe4 Rc2+ 42. Kf3 Rd2 43. g4 hxg4+ 44. hxg4 Rh2 45. Kg3 Rd2 46. Rb4 g5 47. Rf3 Ra2 48. fxg5+ Kxg5 49. Rb5+ Rxb5 50. axb5 Rb2 51. Rxf7 Rb3+ 52. Rf3 Rxb5 1/2-1/2

[Event "Dvorkovich Memorial op"]
[Site "Taganrog"]
[Date "2013.01.15"]
[Round "1"]
[White "Najdin, Danil"]
[Black "Mikhailov, Sergey"]
[Result "0-1"]
[WhiteElo "2028"]
[BlackElo "2377"]
[PlyCount "134"]
[EventDate "2013.01.15"]
[EventType "swiss"]
[EventRounds "9"]
[EventCountry "RUS"]
[SourceTitle "CBM 152 Extra"]
[Source "ChessBase"]
[SourceDate "2013.02.25"]
[SourceVersion "1"]
[SourceVersionDate "2013.02.25"]
[SourceQuality "1"]

1. e4 c5 2. f4 e6 3. Nc3 Nc6 4. Nf3 a6 5. a4 b6 6. Bc4 Bb7 7. d3 Nge7 8. Qe2 g6 9. e5 d6 10. Ne4 Nf5 11. Nf6+ Ke7 12. c3 h5 13. Ng5 Bg7 14. exd6+ Qxd6 15. Nd5+ Kf8 16. Nxb6 Rd8 17. Ba2 Qxd3 18. Qxd3 Rxd3 19. Bb1 Rd8 20. Bxf5 gxf5 21. Be3 Bf6 22. Bxc5+ Kg7 23. Nf3 Ne7 24. Nd4 Nd5 25. Nxd5 Rxd5 26. Bb6 Ba8 27. 0-0-0 Rb8 28. a5 Rc8 29. Rd2 Kh7 30. Rhd1 h4 31. Nc2 Be7 32. Rxd5 Bxd5 33. Ne3 Bc6 34. b3 Kg7 35. Kb2 f6 36. c4 Kf7 37. Kc3 h3 38. g3 Rg8 39. b4 Rc8 40. Rb1 Be4 41. Rb2 e5 42. Rf2 Ke6 43. Kb3 Bd6 44. fxe5 fxe5 45. b5 axb5 46. cxb5 Bd3 47. Rd2 e4 48. Rf2 Bxb5 49. Rxf5 Be2 50. Rf2 Bd3 51. Ng4 Be7 52. Rd2 Bg5 53. Be3 Bxe3 54. Nxe3 Ke5 55. Rf2 Rc1 56. Rf8 Rh1 57. Rh8 Kd4 58. Ng4 Rb1+ 59. Ka2 Rb5 60. Nf2 Bc4+ 61. Ka1 e3 62. Rh4+ Kc3 63. Nd1+ Kb3 64. Nxe3 Bd3 65. Nc4 Bxc4 66. Rh8 Bd3 67. Ra8 Rb4 0-1

[Event "Rostov Region-ch op"]
[Site "Rostov on Don"]
[Date "2011.10.20"]
[Round "9.11"]
[White "Mikhailov, Sergey"]
[Black "Reva, Kirill"]
[Result "1-0"]
[WhiteElo "2397"]
[BlackElo "1908"]
[PlyCount "93"]
[EventDate "2011.10.20"]
[EventType "swiss"]
[EventRounds "9"]
[EventCountry "RUS"]
[SourceTitle "EXT 2022"]
[Source "ChessBase"]
[SourceDate "2021.10.06"]
[SourceVersion "1"]
[SourceVersionDate "2021.10.06"]
[SourceQuality "1"]

1. d4 Nf6 2. c4 e5 3. dxe5 Ng4 4. Nf3 Nc6 5. e3 Ngxe5 6. Be2 Be7 7. 0-0 d6 8. Nc3 0-0 9. b3 Bf6 10. Qd2 Bg4 11. Nxe5 Nxe5 12. Bb2 Bxe2 13. Qxe2 Ng6 14. Rad1 Qc8 15. h3 Rd8 16. Qc2 Qe6 17. Rd2 Rd7 18. Rfd1 Rad8 19. Ba3 Nh4 20. Nd5 Be5 21. Kf1 c6 22. Nc3 Bxc3 23. Qxc3 Qe4 24. f3 Qg6 25. e4 Qg3 26. Qe3 d5 27. Qf2 Qg5 28. Bc1 Ng6 29. cxd5 cxd5 30. Rxd5 Rxd5 31. exd5 Qf5 32. Qd4 Qc2 33. Qd2 Qc5 34. Bb2 f6 35. d6 Rd7 36. Qd5+ Qxd5 37. Rxd5 Kf7 38. Ba3 Ne7 39. Rc5 Nc6 40. Rc1 Nd4 41. Bc5 Nb5 42. a4 Nxd6 43. Bxd6 Rxd6 44. Rc7+ Kg6 45. Rxb7 a5 46. Ke2 h5 47. h4 1-0

[Event "Rostov Region-ch op"]
[Site "Rostov on Don"]
[Date "2011.10.20"]
[Round "2.15"]
[White "Pavlov, Nikolay1"]
[Black "Mikhailov, Sergey"]
[Result "0-1"]
[WhiteElo "2044"]
[BlackElo "2397"]
[PlyCount "106"]
[EventDate "2011.10.20"]
[EventType "swiss"]
[EventRounds "9"]
[EventCountry "RUS"]
[SourceTitle "EXT 2022"]
[Source "ChessBase"]
[SourceDate "2021.10.06"]
[SourceVersion "1"]
[SourceVersionDate "2021.10.06"]
[SourceQuality "1"]

1. e4 c5 2. Nf3 d6 3. Bb5+ Nc6 4. Bxc6+ bxc6 5. 0-0 e5 6. d3 Nf6 7. h3 Be7 8. Be3 0-0 9. c4 Ne8 10. Nc3 Rb8 11. Rb1 f5 12. exf5 Bxf5 13. Ne4 Qd7 14. a3 a5 15. Qe2 Nc7 16. Bd2 Ne6 17. Rfe1 a4 18. Be3 Bg6 19. Nc3 Nf4 20. Bxf4 Rxf4 21. Nd2 Rbf8 22. f3 Rd4 23. Rbd1 Bh4 24. Rf1 h5 25. Nxa4 Bg3 26. Nc3 d5 27. cxd5 cxd5 28. Kh1 Rb8 29. Rg1 h4 30. Nf1 Bf4 31. Ne3 Rb3 32. Rd2 Qb7 33. Rf1 Bxe3 34. Qxe3 Rxb2 35. Rff2 Rxd2 36. Rxd2 Qb3 37. Ne2 Rxd3 38. Rxd3 Bxd3 39. Qxe5 Qd1+ 40. Ng1 Bg6 41. Qd6 Kh7 42. Qxc5 d4 43. Qg5 Qe1 44. g3 Qxg3 45. Qxg3 hxg3 46. Ne2 d3 47. Nc3 d2 48. Kg2 Bc2 49. a4 Bxa4 50. Kxg3 Kg6 51. Kf4 d1Q 52. Nxd1 Bxd1 53. h4 Kf6 0-1